| 000 | 00674nam a2200229Ia 4500 | ||
|---|---|---|---|
| 003 | OSt | ||
| 005 | 20220927105058.0 | ||
| 006 | a|||||r|||| 00| 0 | ||
| 007 | ta | ||
| 008 | 220926b |||||||| |||| 00| 0 eng d | ||
| 024 | _a187783 | ||
| 037 | _cReference Collections | ||
| 040 |
_aRTL _cRTL _beng |
||
| 041 |
_2eng _aeng |
||
| 082 | _a"X:8, L7" | ||
| 100 |
_aDRUCKER Peter F. _9370006 |
||
| 245 | 0 |
_aPeople and performance _b The best of Peter Drucker on management. |
|
| 260 |
_aNew _bDelhi Allied Publishers private Limited _c1977 |
||
| 300 |
_a"xviii,366p." _ccm. |
||
| 942 |
_h"X:8, L7" _cCC |
||
| 999 |
_c690547 _d690547 |
||